000 00877nmm a2200277 a 4500
003 AR-BaBNM
005 20251128205334.0
008 087019s1996 ||||||||||||||000 | spa||
040 _cAR-BaBNM
100 1 _aRocca, Edgardo J.
245 1 0 _aEl puerto de Buenos Aires en la historia
260 _aBuenos Aires
_bFundación Nuevas Perspectivas
_bJunta de estudios históricos del puerto Nuestra Señora Santa María de Buen Ayre
_c1996
300 0 _a203 p.
_bil., láms.
504 _aBibliografía para consultar p. 195-201.
600 1 4 _aMadero, Eduardo
600 1 4 _aMitre, Bartolomé
650 4 _aHISTORIA PROVINCIAL ARGENTINA
650 4 _aHISTORIA DE BUENOS AIRES
650 4 _aGENERACION DE 1880
650 4 _aPERIODO HISPANICO
650 4 _aROSAS Y SU TIEMPO
650 4 _aPUERTOS
650 4 _aTRANSPORTE MARITIMO
942 _cBK
998 _cmariana
999 _c10996
_d10996